000
00298nam a22001217a 4500
008
170612b xxu||||| |||| 00| 0 eng d
041
_a
eng
080
_a
32
100
_a
19
101
_a
SHP
245
_a
THE AFFLUENT WORKED: POLITICAL ATTITUDES AND BEHAVIOUR
_c
GOLDTHORPE, J.H
942
_2
udc
_c
BK
999
_c
16845
_d
16845